000 01553nam a2200265 i 4500
003 DO-SdBNP
005 20241118131000.0
006 a||||gr|||| 00| 0
007 ta
008 211015e1997 dr ||||fr|||| 001 0 spa d
040 _aDO-SdBNP
_bspa
_cBNPHU
_erda
082 4 _axxx
_bR426m 1997
_222
110 1 _954546
_aRepública Dominicana. Secretaría de Estado de Interior y Policía
_eautor
245 1 0 _aManual "sobre comercio, porte y tenencia de armas de fuego" en la República Dominicana :
_borientación y guía para el ciudadano /
250 _aSegunda edición
264 _aSanto Domingo :
_bSecretaría de Estado de Interior y Policía,
_c1997
300 _a73 páginas ;
_c21 cm.
336 _2rdacontent
_atexto
_btxt
337 _2rdamedia
_asin mediación
_bn
338 _2rdacarrier
_avolumen
_bnc
505 0 _aIntroducción.
_gCapítulo I.
_tSecretaría de Estado de Interior y Policía.--
_tCapítulo II.
_tArmas: breve historia y evolución.--
_gCapítulo III.
_tExtracto de la Ley no. 36 sobre comercio, porte y tenencia de armas de fuego.--
_gCapítulo IV.
_tLicencia: tipos de licencia, trámites a llenar para obtenerla.--
_gCapítulo VI.
_tMantenimiento de las armas de fuego, como mantener su arma en buen estado.--
_gCapítulo VII.
_gCapítulo VIII.
_tPeligros del uso irresponsable de un arma de fuego.--
_gCapítulo IX.
_tComentarios finales. Otras recomendaciones para evitar tragedias con armas de fuego. Lugares donde nunca deben estar las armas de fuego.
590 _aInventariado 2024 / MF
910 _aMF
942 _2ddc
_cLBS1
999 _c50758
_d50758